Classifica Pallone d'oro per nazione - Statistics

Statistiche generali
  • Questo quiz è stato fatto 89 volte
  • Il punteggio medio è 15 su 19
Statistiche sulle risposte
Numero di Palloni d'oro Giocatori Nazione % Corretto
8 Lionel Messi Argentina
100%
7 Marcel van Basten Paesi Bassi
99%
7 Cristiano Ronaldo Portogallo
99%
5 Ronaldo Nazário Brasile
98%
7 Karim Benzema Francia
98%
1 Luka Modric Croazia
96%
5 Fabio Cannavaro Italia
96%
7 Karl-Heinz Rummenigge Germania
94%
4 Rodri Spagna
92%
1 Andrij Shevchenko Ucraina
88%
2 Pavel Nedved Repubblica Ceca
85%
1 Hristo Stoichkov Bulgaria
74%
5 Kevin Keegan Inghilterra
73%
1 George Weah Liberia
67%
1 George Best Irlanda del Nord
64%
1 Allan Simonsen Danimarca
59%
3 Oleh Blochin Unione Sovietica
54%
1 Denis Law Scozia
48%
1 Florian Albert Ungheria
27%
Nessun quiz corrispondente trovato
Distribuzione punteggi
Percentuale di utenti per punteggio
Percentile per numero di risposta
I tuoi punteggi nel tempo
Non hai fatto questo quiz